000 01330nam a2200373 i 4500
001 46182
003 KOSZ 005
005 20220505122337.0
008 050519s2004 pl f |000 0 pol d
020 _a8388440519
040 _cKOSZ 005
_aKOSZ 005
_dKOSZ 005/HR
041 1 _apol
_heng
046 _k2004
080 _a004.738.5
080 _a004.056
080 _a(07)
245 0 _aUdoskonalanie zabezpieczeń aplikacji i serwerów internetowych :
_bniebezpieczeństwa i środki zaradcze : wzorce i przykłady /
_cJ.D. Meier [et al. ; z przedm. Marka Curphey et al.] ; przekł. Stefan Gotojuch].
260 _aWarszawa :
_bAPN PROMISE,
_c2004.
300 _aLII, 686 s. ;
_c24 cm.
380 _aKsiążki
388 _a2001-
500 _aNa okł. odmienny podtyt.: "zagrożenia i środki zaradcze".
504 _aIndeks.
650 7 _aInternet
650 7 _aBezpieczeństwo teleinformatyczne
655 _aPodręcznik
658 _aInformatyka i technologie informacyjne
700 1 _aMeier, J. D.
_eAutor
700 1 _aCurphey, Mark
_ePrzedmowa
700 1 _aGotojuch, Stefan
_eTłumaczenie
710 2 _aAPN Promise
856 _uhttp://koha.tu.koszalin.pl/cgi-bin/koha/opac-detail.pl?biblionumber=46182
_yKatalog online BPK
942 _cKS
_2UKD
999 _c46182
_d46182